[Event "Challenge"]
[Site "http://www.queenalice.com/game.php?id=701591"]
[Date "2009.12.21"]
[Round "-"]
[White "N71"]
[Black "markgrim83"]
[Result "1-0"]
[WhiteElo "1649"]
[BlackElo "835"]

1. e4 e6 2. d4 Qf6 3. Nf3 b6 4. Bg5 Qg6 5. h4 Qxe4+ 6. Be2 Ba6 7. Nc3 Qg4 8. g3
f6 9. Nd2 Qxd4 10. Be3 Qd6 11. Bxa6 Nxa6 12. Qf3 Rb8 13. O-O-O g6 14. h5 1-0

[Event "Challenge"]
[Site "http://www.queenalice.com/game.php?id=701678"]
[Date "2009.12.22"]
[Round "-"]
[White "N71"]
[Black "Emiya_S"]
[Result "1-0"]
[WhiteElo "1649"]
[BlackElo "1076"]

1. e4 c5 2. c4 Nf6 3. Nc3 e5 4. d3 Nc6 5. Bg5 Be7 6. Bxf6 Bxf6 7. Nd5 Be7 8. Qg4
Bf6 9. Nxf6+ Qxf6 10. f3 b6 11. Qf5 Qh6 12. Nh3 d6 13. Qg5 Qg6 14. Qxg6 fxg6 15.
g4 O-O 16. O-O-O Rxf3 17. Ng5 Rf8 18. Bg2 Bxg4 19. Rdf1 Be2 20. Rxf8+ Rxf8 21.
Kd2 h6 22. Ne6 Re8 23. Bh3 Nd4 24. Nxd4 cxd4 25. Kxe2 h5 26. Rf1 Rf8 27. Rxf8+
Kxf8 28. b4 a6 29. a4 Ke7 30. Kf3 Kd8 31. Be6 Ke7 32. Bd5 Kd7 33. Bb7 1-0

[Event "AUTO-ADV-1585"]
[Site "http://www.queenalice.com/game.php?id=703159"]
[Date "2009.12.25"]
[Round "1"]
[White "N71"]
[Black "breizhil"]
[Result "0-1"]
[WhiteElo "1461"]
[BlackElo "1807"]

1. e4 c5 2. c4 d6 3. Nc3 Nc6 4. Nf3 Bg4 5. d3 Nd4 6. Be2 e5 7. Nxd4 cxd4 8. Nd5
Be6 9. b3 Bxd5 10. exd5 Nf6 11. Bg5 Be7 12. Bxf6 Bxf6 13. O-O O-O 14. Bf3 a6 15.
Re1 b5 16. Rc1 Qb6 17. b4 a5 18. c5 dxc5 19. bxc5 Qd8 20. d6 Rb8 21. h3 Qd7 22.
Re4 Qa7 23. Re2 Rfc8 0-1

[Event "AUTO-ADV-1585"]
[Site "http://www.queenalice.com/game.php?id=703160"]
[Date "2009.12.25"]
[Round "1"]
[White "breizhil"]
[Black "N71"]
[Result "1-0"]
[WhiteElo "1797"]
[BlackElo "1649"]

1. e4 e5 2. Nf3 Nf6 3. Nxe5 Nxe4 4. Qe2 d5 5. d3 Nf6 6. Nc6+ Qe7 7. Nxe7 Bxe7 8.
Bg5 Nbd7 9. Nc3 h6 10. Bh4 g5 11. Bg3 c6 12. O-O-O h5 13. Re1 1-0

[Event "AUTO-ADV-1585"]
[Site "http://www.queenalice.com/game.php?id=703161"]
[Date "2009.12.25"]
[Round "1"]
[White "N71"]
[Black "Mikalus"]
[Result "0-1"]
[WhiteElo "1457"]
[BlackElo "1844"]

1. e4 c5 2. c4 Nc6 3. Nc3 e6 4. d3 a6 5. b3 Nf6 6. Bg5 Be7 7. Be2 Nd4 8. Bf3 d6
9. Bxf6 Bxf6 10. Nge2 b5 11. Nxd4 Bxd4 12. Rc1 Qh4 13. g3 Qf6 14. Ne2 bxc4 15.
Nxd4 cxd4 16. Rxc4 e5 17. O-O Bh3 18. Bg4 Bxf1 19. Kxf1 O-O 20. Kg1 g6 21. Rc6
h5 22. Bh3 Rfd8 0-1

[Event "AUTO-ADV-1585"]
[Site "http://www.queenalice.com/game.php?id=703162"]
[Date "2009.12.25"]
[Round "1"]
[White "Mikalus"]
[Black "N71"]
[Result "1-0"]
[WhiteElo "1846"]
[BlackElo "1455"]

1. e4 e5 2. Bc4 Nf6 3. Nf3 Nc6 4. Ng5 d5 5. exd5 Nxd5 6. Nxf7 Kxf7 7. Qf3+ Qf6
8. Bxd5+ Be6 9. Nc3 Qxf3 10. Bxf3 Rd8 11. O-O Be7 12. d3 Bc5 13. Ne4 h6 14. Nxc5
Bc8 15. Bxc6 bxc6 16. Re1 Rhe8 17. Bd2 Rd5 18. b4 a5 19. a3 Ke7 20. c4 Rdd8 21.
Rxe5+ Kf8 22. Rxe8+ 1-0

[Event "AUTO-ADV-1585"]
[Site "http://www.queenalice.com/game.php?id=703163"]
[Date "2009.12.25"]
[Round "1"]
[White "N71"]
[Black "Panoramix"]
[Result "0-1"]
[WhiteElo "1369"]
[BlackElo "1762"]

1. e4 d5 2. e5 Nc6 3. d4 Bf5 4. c3 f6 5. Nf3 fxe5 6. dxe5 e6 7. Bb5 Ne7 8. Bg5
h6 9. Bxc6+ bxc6 10. Bxe7 Qxe7 11. Nbd2 Rb8 12. b3 Qc5 13. c4 g5 14. O-O Bg7 15.
Qe2 Rf8 16. Rac1 Qa5 17. Ra1 Kd7 18. Nd4 Qb6 19. Nxf5 exf5 20. e6+ Ke7 21. Nf3
Rf6 22. Rfe1 Rd8 23. Rad1 Rd6 24. cxd5 cxd5 25. Nd4 c5 26. Nf3 Rfxe6 27. Qc2 Kf6
28. Rxe6+ Rxe6 29. Re1 Rxe1+ 30. Nxe1 Kg6 31. Qd2 Bd4 32. Nf3 a5 33. Nxd4 cxd4
34. h3 Qc5 35. g3 Qc3 36. Qe2 Qc1+ 37. Kg2 Kf6 38. Qa6+ Ke5 39. Qxa5 d3 0-1

[Event "AUTO-ADV-1585"]
[Site "http://www.queenalice.com/game.php?id=703164"]
[Date "2009.12.25"]
[Round "1"]
[White "Panoramix"]
[Black "N71"]
[Result "1-0"]
[WhiteElo "1682"]
[BlackElo "1607"]

1. b3 e5 2. Bb2 Nc6 3. c4 Nf6 4. e3 Bb4 5. a3 Bd6 6. Nf3 Qe7 7. d3 a5 8. Nc3 b6
9. Be2 Ba6 10. O-O O-O 11. Ne4 Nxe4 12. dxe4 h6 13. Bc3 f6 14. Qd2 Rf7 15. Nh4
f5 16. Nxf5 Qe6 17. Bg4 g6 18. Nxh6+ 1-0

[Event "Some kind of  a challenge"]
[Site "http://www.queenalice.com/game.php?id=704156"]
[Date "2009.12.27"]
[Round "-"]
[White "N71"]
[Black "Popeye"]
[Result "0-1"]
[WhiteElo "1369"]
[BlackElo "1768"]

1. e4 e5 2. Nf3 d6 3. d4 exd4 4. Qxd4 h6 5. e5 f6 6. exf6 Nxf6 7. Be2 Nc6 8. Qa4
a6 9. Bd2 Bd7 10. Qh4 Qe7 11. Qc4 Bg4 12. Nd4 Nxd4 0-1